Formel 1 Weltmeister - Statistiken

Allgemein
  • Dieses Quiz wurde 450 mal gespielt
  • Das Durchschnittsergebnis liegt bei 27 aus 30
Antwortstatistiken
Jahr Antwort Konstrukteur % Korrekt
2017 Lewis Hamilton Mercedes
99%
2015 Lewis Hamilton Mercedes
99%
2014 Lewis Hamilton Mercedes
99%
2008 Lewis Hamilton McLaren-Mercedes
99%
2013 Sebastian Vettel Red Bull-Renault
98%
2012 Sebastian Vettel Red Bull-Renault
98%
2011 Sebastian Vettel Red Bull-Renault
98%
2010 Sebastian Vettel Red Bull-Renault
98%
2004 Michael Schumacher Ferrari
97%
2003 Michael Schumacher Ferrari
97%
2002 Michael Schumacher Ferrari
97%
2001 Michael Schumacher Ferrari
97%
2000 Michael Schumacher Ferrari
97%
1995 Michael Schumacher Benneton-Renault
97%
1994 Michael Schumacher Benneton-Ford
97%
2016 Nico Rosberg Mercedes
97%
2006 Fernando Alonso Renault
94%
2005 Fernando Alonso Renault
94%
1991 Ayrton Senna McLaren-Honda
91%
1990 Ayrton Senna McLaren-Honda
91%
1988 Ayrton Senna McLaren-Honda
91%
2007 Kimi Raikkönen Ferrari
89%
2009 Jenson Button Brawn-Mercedes
87%
1993 Alain Prost Williams-Renault
82%
1989 Alain Prost McLaren-Honda
82%
1999 Mika Häkkinen McLaren-Mercedes
81%
1998 Mika Häkkinen McLaren-Mercedes
81%
1996 Damon Hill Williams-Renault
69%
1992 Nigel Mansell Williams-Renault
66%
1997 Jacques Villeneuve Williams-Renault
65%
Keine übereinstimmenden Quizze gefunden
Verteilung der Resultate
Anzahl Personen mit jedem Resultat
Perzentil nach korrekt beantworteten Fragen
Ihre Resultats-Entwicklung
Sie haben dieses Quiz noch nicht gespielt